Sports Quiz

Random Sports or NBA Quiz

NBA All-Star Player Voting (2016-17) Quiz Stats

 Plays Quiz not verified by Sporcle

Challenge
Share
Tweet
Embed
Score 0/283 Timer 20:00
0 Plays Today
Position Player % Correct
Eastern FrontcourtLeBron James
99.4%
Eastern FrontcourtCarmelo Anthony
92.4%
Eastern GuardsKyrie Irving
92.4%
Eastern FrontcourtPaul George
91.3%
Eastern FrontcourtKevin Love
91.3%
Eastern FrontcourtJimmy Butler
90.1%
Eastern GuardsIsaiah Thomas
90.1%
Eastern FrontcourtLance Thomas
89.5%
Eastern FrontcourtKristaps Porzingis
89%
Eastern FrontcourtAndre Drummond
88.4%
Eastern FrontcourtTristan Thompson
88.4%
Western GuardsKlay Thompson
87.8%
Eastern FrontcourtJoel Embiid
87.2%
Eastern FrontcourtJabari Parker
86.6%
Eastern FrontcourtBrook Lopez
86%
Eastern GuardsJohn Wall
86%
Western GuardsStephen Curry
86%
Western GuardsSeth Curry
86%
Western GuardsTony Parker
86%
Eastern FrontcourtRobin Lopez
85.5%
Western FrontcourtKevin Durant
85.5%
Western GuardsRussell Westbrook
85.5%
Eastern GuardsDeMar DeRozan
84.9%
Eastern GuardsKyle Lowry
84.9%
Eastern FrontcourtPaul Millsap
84.3%
Eastern FrontcourtJeff Green
84.3%
Eastern GuardsDwyane Wade
84.3%
Eastern GuardsKemba Walker
84.3%
Eastern GuardsBradley Beal
84.3%
Eastern GuardsDerrick Rose
84.3%
Western FrontcourtAnthony Davis
84.3%
Western FrontcourtMarc Gasol
84.3%
Western FrontcourtPau Gasol
84.3%
Western FrontcourtEd Davis
84.3%
Eastern GuardsGerald Green
83.7%
Western FrontcourtKawhi Leonard
83.7%
Western FrontcourtDraymond Green
83.7%
Western FrontcourtJaMychal Green
83.7%
Western FrontcourtDeMarcus Cousins
83.1%
Western GuardsJames Harden
83.1%
Western FrontcourtDeAndre Jordan
82.6%
Eastern FrontcourtHassan Whiteside
82%
Western GuardsChris Paul
82%
Western FrontcourtBlake Griffin
81.4%
Eastern FrontcourtAl Horford
80.8%
Western GuardsDamian Lillard
80.8%
Western FrontcourtLaMarcus Aldridge
79.7%
Eastern FrontcourtGiannis Antetokounmpo
78.5%
Western FrontcourtGordon Hayward
77.9%
Eastern FrontcourtMyles Turner
76.7%
Western FrontcourtKarl-Anthony Towns
76.2%
Western GuardsC.J. McCollum
76.2%
Eastern GuardsJeff Teague
75.6%
Western FrontcourtSteven Adams
75.6%
Western GuardsMike Conley
75.6%
Western GuardsEvan Turner
75.6%
Western FrontcourtZaza Pachulia
75%
Western GuardsPatty Mills
73.8%
Eastern FrontcourtJames Johnson
73.3%
Eastern FrontcourtAmir Johnson
73.3%
Eastern FrontcourtStanley Johnson
73.3%
Western FrontcourtJoe Johnson
73.3%
Eastern FrontcourtTrevor Booker
72.7%
Eastern GuardsAvery Bradley
72.7%
Western FrontcourtBrice Johnson
72.7%
Western FrontcourtWesley Johnson
72.7%
Eastern FrontcourtDwight Howard
72.1%
Western GuardsDevin Booker
72.1%
Eastern FrontcourtMarcin Gortat
71.5%
Eastern GuardsReggie Jackson
70.9%
Western GuardsPierre Jackson
70.9%
Eastern FrontcourtJason Smith
70.3%
Eastern GuardsJ.R. Smith
70.3%
Western FrontcourtRudy Gobert
70.3%
Western GuardsVictor Oladipo
70.3%
Western GuardsEric Gordon
70.3%
Western GuardsEric Bledsoe
70.3%
Eastern FrontcourtJoakim Noah
69.8%
Eastern FrontcourtMarvin Williams
69.8%
Eastern GuardsIsh Smith
69.8%
Eastern GuardsMo Williams
69.2%
Western FrontcourtDirk Nowitzki
69.2%
Eastern FrontcourtGreg Monroe
68%
Eastern GuardsGoran Dragic
68%
Western FrontcourtEnes Kanter
68%
Western FrontcourtAndrew Wiggins
68%
Eastern FrontcourtJahlil Okafor
67.4%
Eastern GuardsNicolas Batum
67.4%
Western FrontcourtNikola Jokic
67.4%
Western FrontcourtZach Randolph
67.4%
Eastern FrontcourtSerge Ibaka
66.9%
Western GuardsGeorge Hill
66.9%
Eastern FrontcourtThaddeus Young
66.3%
Eastern GuardsJeremy Lin
65.7%
Eastern FrontcourtTobias Harris
65.1%
Position Player % Correct
Western GuardsNick Young
65.1%
Western GuardsGary Harris
64.5%
Western FrontcourtDanilo Gallinari
63.4%
Eastern FrontcourtTaj Gibson
62.8%
Eastern FrontcourtMiles Plumlee
62.2%
Eastern FrontcourtMarshall Plumlee
62.2%
Western FrontcourtMason Plumlee
62.2%
Western GuardsEmmanuel Mudiay
62.2%
Eastern GuardsCourtney Lee
61.6%
Western FrontcourtKenneth Faried
61%
Western FrontcourtHarrison Barnes
60.5%
Western FrontcourtMatt Barnes
60.5%
Eastern FrontcourtLavoy Allen
59.3%
Western GuardsTony Allen
58.7%
Eastern FrontcourtNerlens Noel
58.1%
Western FrontcourtDerrick Favors
58.1%
Western GuardsJ.J. Redick
58.1%
Eastern FrontcourtNikola Vucevic
57.6%
Eastern FrontcourtAl Jefferson
57%
Eastern FrontcourtRichard Jefferson
57%
Eastern GuardsKhris Middleton
57%
Eastern GuardsRajon Rondo
57%
Eastern FrontcourtMarkieff Morris
56.4%
Eastern FrontcourtMarcus Morris
56.4%
Western GuardsManu Ginobili
56.4%
Eastern FrontcourtJonas Valanciunas
55.8%
Eastern GuardsKyle Korver
55.8%
Eastern GuardsElfrid Payton
55.8%
Western GuardsAndre Iguodala
55.8%
Western GuardsZach LaVine
55.2%
Western FrontcourtRyan Anderson
54.7%
Western FrontcourtAlan Anderson
54.7%
Western GuardsJustin Anderson
54.7%
Western GuardsKyle Anderson
54.7%
Western GuardsVince Carter
54.7%
Western FrontcourtWilson Chandler
54.1%
Western FrontcourtTyson Chandler
54.1%
Western GuardsD'Angelo Russell
52.3%
Western GuardsRodney Hood
51.7%
Western FrontcourtAndrew Bogut
51.2%
Eastern FrontcourtOtto Porter
48.8%
Eastern GuardsMatthew Dellavedova
48.8%
Eastern GuardsMonta Ellis
48.8%
Eastern GuardsJustin Holiday
48.8%
Western GuardsJrue Holiday
48.8%
Western FrontcourtTrevor Ariza
48.3%
Western GuardsJamal Crawford
47.1%
Eastern GuardsKentavious Caldwell-Pope
46.5%
Eastern FrontcourtRobert Covington
45.9%
Western GuardsPatrick Beverley
45.9%
Eastern GuardsMichael Carter-Williams
44.8%
Eastern GuardsEvan Fournier
44.8%
Western FrontcourtAndre Roberson
44.8%
Western GuardsTyus Jones
44.8%
Eastern FrontcourtCody Zeller
44.2%
Eastern FrontcourtTyler Zeller
44.2%
Eastern GuardsDennis Schröder
44.2%
Western FrontcourtJulius Randle
43.6%
Western FrontcourtAl-Farouq Aminu
42.4%
Eastern FrontcourtBen Simmons
41.9%
Eastern GuardsMalcolm Brogdon
41.9%
Western FrontcourtClint Capela
41.9%
Western GuardsIan Clark
41.3%
Eastern FrontcourtKent Bazemore
40.1%
Eastern FrontcourtNikola Mirotic
39%
Eastern FrontcourtMichael Kidd-Gilchrist
39%
Western FrontcourtTimofey Mozgov
38.4%
Western GuardsTyreke Evans
38.4%
Eastern FrontcourtJohn Henson
37.8%
Eastern GuardsSergio Rodriguez
37.8%
Eastern GuardsIman Shumpert
37.8%
Western FrontcourtJaVale McGee
37.8%
Western FrontcourtRudy Gay
37.8%
Western GuardsJordan Clarkson
37.2%
Western GuardsWesley Matthews
37.2%
Western FrontcourtNick Collison
36.6%
Western GuardsDarren Collison
36.6%
Western FrontcourtLuol Deng
36%
Eastern FrontcourtKelly Olynyk
35.5%
Eastern FrontcourtDario Saric
35.5%
Eastern GuardsBojan Bogdanovic
35.5%
Western FrontcourtChandler Parsons
35.5%
Western GuardsJamal Murray
35.5%
Eastern FrontcourtBismack Biyombo
34.9%
Eastern FrontcourtJaylen Brown
34.9%
Western GuardsWill Barton
34.9%
Eastern GuardsT.J. McConnell
33.7%
Eastern FrontcourtPatrick Patterson
33.1%
Eastern GuardsTony Snell
33.1%
Eastern GuardsJerian Grant
32.6%
Eastern GuardsGlenn Robinson III
32%
Western FrontcourtJerami Grant
32%
Western FrontcourtGorgui Dieng
32%
Western FrontcourtThomas Robinson
32%
Western GuardsShaun Livingston
32%
Position Player % Correct
Eastern FrontcourtChanning Frye
31.4%
Eastern GuardsDion Waiters
31.4%
Western FrontcourtDomantas Sabonis
31.4%
Western FrontcourtBrandon Ingram
31.4%
Western FrontcourtAlex Len
31.4%
Western FrontcourtPaul Pierce
31.4%
Eastern FrontcourtRondae Hollis-Jefferson
30.8%
Eastern FrontcourtErsan Ilyasova
30.8%
Eastern FrontcourtJustise Winslow
30.8%
Eastern FrontcourtDeMarre Carroll
30.2%
Eastern FrontcourtMichael Beasley
28.5%
Western GuardsMalik Beasley
28.5%
Eastern FrontcourtThabo Sefolosha
27.9%
Eastern GuardsGerald Henderson
27.9%
Eastern FrontcourtThon Maker
27.3%
Eastern GuardsJerryd Bayless
27.3%
Eastern GuardsJason Terry
26.7%
Western GuardsDante Exum
25.6%
Western FrontcourtMaurice Harkless
25%
Western FrontcourtMarreese Speights
24.4%
Western GuardsRaymond Felton
24.4%
Eastern GuardsRandy Foye
23.8%
Eastern GuardsSean Kilpatrick
23.3%
Western FrontcourtBoris Diaw
23.3%
Western GuardsMike Miller
23.3%
Eastern FrontcourtKyle O'Quinn
22.7%
Eastern FrontcourtAron Baynes
22.1%
Western FrontcourtLarry Nance Jr.
22.1%
Western FrontcourtP.J. Tucker
22.1%
Eastern FrontcourtFrank Kaminsky
21.5%
Eastern GuardsMario Hezonja
21.5%
Western FrontcourtOmer Asik
21.5%
Eastern FrontcourtWilly Hernangomez
20.9%
Western FrontcourtJuan Hernangomez
20.3%
Eastern GuardsD.J. Augustin
19.2%
Western GuardsJ.J. Barea
19.2%
Eastern FrontcourtBoban Marjanovic
18.6%
Western GuardsLeandro Barbosa
18.6%
Eastern FrontcourtKelly Oubre
18%
Western FrontcourtAdreian Payne
18%
Western GuardsCameron Payne
18%
Eastern GuardsIsaiah Whitehead
17.4%
Western GuardsBen McLemore
17.4%
Eastern FrontcourtMike Muscala
16.9%
Western FrontcourtTarik Black
16.9%
Western FrontcourtWillie Cauley-Stein
16.9%
Western FrontcourtJarrell Martin
16.9%
Western GuardsJose Calderon
16.9%
Western GuardsTim Frazier
16.9%
Eastern FrontcourtSpencer Hawes
16.3%
Western FrontcourtBrandon Bass
16.3%
Eastern GuardsIsaiah Canaan
15.7%
Western FrontcourtJoe Ingles
15.7%
Eastern FrontcourtTaurean Prince
15.1%
Western FrontcourtMarquese Chriss
15.1%
Western GuardsPatrick McCaw
15.1%
Eastern FrontcourtJon Leuer
14.5%
Western FrontcourtSam Dekker
14.5%
Western FrontcourtJared Dudley
14%
Western FrontcourtJames Ennis III
14%
Western GuardsTyler Ennis
14%
Western FrontcourtTrey Lyles
13.4%
Eastern FrontcourtLuke Babbitt
12.8%
Eastern GuardsWayne Ellington
12.8%
Eastern FrontcourtQuincy Acy
12.2%
Eastern GuardsMalcolm Delaney
12.2%
Eastern GuardsDenzel Valentine
12.2%
Western FrontcourtCole Aldrich
12.2%
Eastern FrontcourtCristiano Felicio
11.6%
Eastern FrontcourtMundaugas Kuzminskas
11.6%
Eastern FrontcourtLucas Nogueira
11.6%
Western GuardsGarrett Temple
11%
Eastern GuardsJordan McRae
10.5%
Eastern GuardsDeAndre Liggins
10.5%
Western FrontcourtNemanja Bjelica
10.5%
Western FrontcourtDante Cunningham
9.9%
Eastern FrontcourtDeAndre' Bembry
8.7%
Eastern FrontcourtRichaun Holmes
8.7%
Western GuardsAlex Abrines
8.7%
Western GuardsMarcelo Huertas
8.7%
Eastern FrontcourtTimothe Luwawu-Cabarrot
8.1%
Eastern GuardsTomas Satoransky
8.1%
Eastern FrontcourtChris McCullough
7%
Western GuardsJohn Lucas III
7%
Eastern FrontcourtRakeem Christmas
6.4%
Eastern FrontcourtDanuel House
6.4%
Eastern FrontcourtDamjan Rudez
5.8%
Western FrontcourtDarrell Arthur
5.8%
Western GuardsBryn Forbes
5.2%
Western GuardsQuincy Pondexter
5.2%
Eastern FrontcourtDaniel Ochefu
4.7%
Western FrontcourtGeorgios Papagiannis
4.7%
Eastern GuardsMichael Gbinije
4.1%

You're not logged in!

Compare scores with friends on all Sporcle quizzes.
OR
Log In

You Might Also Like...

Show Comments

Extras

Top Quizzes Today


Score Distribution

Your Account Isn't Verified!

In order to create a playlist on Sporcle, you need to verify the email address you used during registration. Go to your Sporcle Settings to finish the process.

Report this User

Report this user for behavior that violates our Community Guidelines.

Details: